Quel est ce titan de Attaque des titans - Statistiques

Statistiques générales
  • Ce quiz a été pris 134 fois
  • Le résultat moyen est 7 sur 8
Statistiques - réponses
Par images Réponse % Correct
Colossal
99%
Féminin
98%
Bestial
97%
Cuirassé
95%
Charrette
92%
Mâchoire
92%
Assaillant
89%
Marteau d'arme
53%
Aucun quiz correspondant
Distribution des résultats
% des personnes avec chaque résultat
Percentile par nombre de réponses
Votre historique - résultats
Vous n’avez pas pris ce quiz